Antoni Tápies (Record no. 12220)

MARC details
000 - LÍDER
campo de control de longitud fija 01472nam a2200265Ia 4500
008 - ELEMENTOS DE DATOS DE LONGITUD FIJA - INFORMACIÓN GENERAL
campo de control de longitud fija 0000002009 sp ad 0000000000mul00
090 ## - NÚMERO DE LLAMADA DE TIPO LC LOCALMENTE ASIGNADO (OCLC)
Número de clasificación (OCLC) (R) PSP00 A57a3
245 10 - TÍTULO DECLARACIÓN
Título Antoni Tápies
Declaración de responsabilidad / traducción Lorraine Kerslake ; fotografías Gasull
260 ## - PUBLICACIÓN, DISTRIBUCIÓN
Lugar de publicación Madrid : Galería Soledad Lorenzo
Fecha de publicación 2009
300 ## - DESCRIPCIÓN FÍSICA
Alcance 38 p.
Dimensiones / 27 cm.
500 ## - NOTA GENERAL
Nota general Exposición realizada en Galería Soledad Lorenzo, diciembre 3, 2008 enero 17, 2009 \ Incluye cronología del artista \ Texto bilingue: español inglés \ Proyecto Ganador Programa Apoyos Concertados FGAA 2010
501 ## - Con nota
Con nota Antoni Tápies : la materia que somos, el cuerpo que eXistimos = The material that we are, the body that we eXist / José MarínMedina
505 ## - NOTA DE CONTENIDO FORMATEADA
Nota sobre el contenido formateado OBRAS : Terra amb quatre ulls Eines i espirals Quatre punts blancs Tres fustes sobre blanc Gratatge vermell M i lletres vermelles Cadira vermella El te de las 7 Ulls i jeroglifics Llit i cama Os Porta blanca Materia ocre amb grafismes blancs Materia trossejada Asimétric Llistó Jersei negre
600 00 - ENTRADA DE SUJETO AÑADIDO - NOMBRE PERSONAL
Nombre de la persona TAPIES, ANTONIO, 1923201/
Subdivisión general TRABAJOS PICTORICOS
650 14 - ENTRADA DE SUJETO AÑADIDO - TÉRMINO TÓPICO
Término tópico o elemento de entrada del nombre geográfico ARTE CONTEMPORANEO ESPAÑOL
650 14 - ENTRADA DE SUJETO AÑADIDO - TÉRMINO TÓPICO
Término tópico o elemento de entrada del nombre geográfico ARTISTAS PLASTICOS ESPAÑOLES EXPOSIONES
650 14 - ENTRADA DE SUJETO AÑADIDO - TÉRMINO TÓPICO
Subdivisión general CATALOGOS
650 14 - ENTRADA DE SUJETO AÑADIDO - TÉRMINO TÓPICO
Término tópico o elemento de entrada del nombre geográfico COLLAGE
650 14 - ENTRADA DE SUJETO AÑADIDO - TÉRMINO TÓPICO
Subdivisión general EXPOSICIONES
650 14 - ENTRADA DE SUJETO AÑADIDO - TÉRMINO TÓPICO
Término tópico o elemento de entrada del nombre geográfico PINTORES ESPAÑOLES
650 14 - ENTRADA DE SUJETO AÑADIDO - TÉRMINO TÓPICO
Término tópico o elemento de entrada del nombre geográfico PINTURA (TECNICA MIXTA)
650 14 - ENTRADA DE SUJETO AÑADIDO - TÉRMINO TÓPICO
Término tópico o elemento de entrada del nombre geográfico PINTURA ESPAÑOLA
650 14 - ENTRADA DE SUJETO AÑADIDO - TÉRMINO TÓPICO
Término tópico o elemento de entrada del nombre geográfico PINTURA SOBRE MADERA
700 1# - ENTRADA AGREGADA - NOMBRE PERSONAL
Nombre de la persona Kerslake, Lorraine \ Gasull
Holdings
Estado de retirada Pérdida de estatus Estado dañado No para préstamo Código de recogida Ubicación permanente Ubicación actual Ubicación de las estanterías Fecha de adquisición Número de llamada completo Código de barras Fecha de la última vez que se vio Número de copia Precio efectivo desde Tipo de artículo Koha
        General ArtNexus ArtNexus General 06/09/2022 P-SP-00 A57A3 12345 06/09/2022 Ej.1 06/09/2022 Libro

Powered by Koha